000
00313nam a2200121Ia 4500
008
190216s9999||||xx |||||||||||||| ||und||
100
_a
Dr R. N. Ral
245
0
_a
Biology Part Ii Nd Science For Middle Schools
250
_a
FIRST
260
_b
A.G Publications
_c
1968
650
_a
Botany
942
_c
BK
999
_c
1081
_d
1081